| 000 | 00944nam a22002537a 4500 | ||
|---|---|---|---|
| 999 |
_c19578 _d19578 |
||
| 003 | AR-CdUCM | ||
| 008 | 190518b ||||| |||| 00| 0 spa d | ||
| 040 |
_aMUNICIPALIDAD PROVINCIAL DEL CUSCO _cBIBLIOTECA MUNICIPAL DEL CUSCO |
||
| 082 |
_a332.109 / _bP79 |
||
| 100 |
_aPotash, Robert A. _940998 |
||
| 245 |
_aEl banco de Avío de México : _bel fomento de la industria, 1821-1846 / |
||
| 260 |
_aMéxico, D.F : _bFondo de Cultura Económica, _c1959. |
||
| 300 |
_a281 páginas ; _c22 cm. |
||
| 440 |
_aSección de obras de economía ; _96499 |
||
| 505 | _aContenido: En busca de una política -- El banco de Avío -- El gobierno y la industria textil. | ||
| 650 |
_aPolítica económica _91407 |
||
| 650 |
_aIndustria textil _9769 |
||
| 650 |
_aBancos _94353 |
||
| 650 |
_aMéxico _918 |
||
| 650 |
_aSiglo XIX. _9971 |
||
| 700 |
_aFernández y Fernández, Ramón (traductor) _940999 |
||
| 942 |
_2ddc _cLIBROS |
||
| 945 |
_aacv _d2019-05-18 |
||